Missing Word: World Leaders Quiz Stats

Quiz Updated Mar 26, 2018

Challenge
Share
Tweet
Embed
Score 0/40 Timer 05:00
0 Plays Today
Government Figure Missing Word % Correct
______ ObamaBarack
94.8%
______ HitlerAdolf
94.4%
______ CastroFidel
93.2%
Abraham ______Lincoln
92.7%
Nelson ______Mandela
92.2%
Margaret ______Thatcher
88.3%
Tony ______Blair
87.7%
______ RooseveltTheodore
87.1%
Saddam ______Hussein
86.4%
Charles de ______Gaulle
82.9%
Idi ______Amin
78.7%
______ ZedongMao
78.4%
Benito ______Mussolini
77.7%
Emperor ______Nero
73.9%
______ SadatAnwar
72.1%
Boris ______Yeltsin
71.4%
Vladimir ______Lenin
70%
______ BolivarSimon
67.8%
______ ChavezHugo
66.1%
______ KhrushchevNikita
64.7%
Government Figure Missing Word % Correct
Golda ______Meir
64.4%
______ the ConquerorWilliam
63.6%
______ WalesaLech
62.5%
______ GandhiIndira
62.1%
Robert ______Mugabe
49.3%
______ BhuttoBenazir
47.6%
Ayatollah ______Khomeini
47.4%
Maximilien ______Robespierre
31.2%
______ BeginMenachem
28.8%
Stephen ______Harper
28.6%
King ______Abdullah
27.8%
______ AllendeSalvador
27%
Shinzo ______Abe
26.8%
______ FoxVicente
23.9%
______ CeaușescuNicolae
19.5%
______ FujimoriAlberto
18%
Erich ______Honecker
12.4%
Jean-______ AristideBertrand
11.4%
______ Sese SekoMobutu
10.6%
______ Collor de MelloFernando
4.2%

Today's Daily Dose

Missing Word
NPR Programs

Quick Pick
1991 Events

On This Day
June 18th II

You're not logged in!

Compare scores with friends on all Sporcle quizzes.
Join for Free
OR
Log In

You Might Also Like...

Show Comments

Extras

Top Quizzes Today


Score Distribution

Your Account Isn't Verified!

In order to create a playlist on Sporcle, you need to verify the email address you used during registration. Go to your Sporcle Settings to finish the process.

Report this User

Report this user for behavior that violates our Community Guidelines.

Details: